=LDR 00000nam 2200000 4500 =001 INLIS000000000021327 =005 20200203103847 =035 ##$$a 0010-061300000021327 =008 200203###########################0###### =041 ##$$a Ind =082 ##$$a 005.118 =090 ##$$a 005.118, Tut t =245 ##$$a Tutorial =260 ##$$a 2004 :$b Jakarta =300 ##$$a ...jil, 26 cm =650 #4$$a Komputer =850 ##$$a NBPNMAT =990 ##$$a 91858/BPAP-NTB/2014 =990 ##$$a 91858/BPAP-NTB/2014 =990 ##$$a 20616954xx